000 00838nam a2200313Ia 4500
001 19599
003 IT-RoPAU
008 130308s9999 xx 000 0 und d
040 _aIT-RoPAU
040 _cIT-RoPAU
041 _aITALIANO
100 _aMay Renato
100 _gCodice Aut. SPICS: 3985
245 _aProspettive e limiti di una presenza cattolica nel cinema
245 _bCinema per l'uomo (Il)
250 _a1a ed.
260 _aROMA
260 _bUfficio Nazionale Spettacolo
260 _c1966 [1° Ed.:1966 - Ed.Ling.Originale:1966]
300 _a"53 p. (prefazione: no ; testo: 53 [pagine: 249-301])"
650 _aSAGGI SUL CINEMA
650 _eCodice materia Spics: 6811
700 _aAA.VV.
700 _gCodice Aut. SPICS: 12000
942 _cBK
957 _71
999 _c55728
_d55728
999 _bSI
999 _g1